| 000 | 00493nam a2200181 a 4500 | ||
|---|---|---|---|
| 001 | 1103 | ||
| 003 | CDMR | ||
| 005 | 20131024112151.0 | ||
| 008 | 130130s1984||||||||||||||||||||||||||||d | ||
| 020 | _a8450506999 | ||
| 040 |
_aCDMR _bcat _cCDMR |
||
| 100 | 1 |
_aNisbett, Alec _9871 |
|
| 245 | 1 | 3 |
_aEl uso de los micrófonos _cAlec Nisbett |
| 260 |
_aMadrid _c1984 _bInstituto Oficial de Radio y Televisión |
||
| 490 | 0 | _aManuales Profesionales | |
| 650 | 0 | 4 |
_92384 _aRàdio _xTècnica |
| 942 |
_cMON _2udc |
||
| 999 |
_c1103 _d1103 |
||